Materials for rockets and missiles (Record no. 593987)

000 -LEADER
fixed length control field 00938cam a22002891 4500
001 - CONTROL NUMBER
control field 9810968
005 - DATE AND TIME OF LATEST TRANSACTION
control field 20230321152318.0
008 - FIXED-LENGTH DATA ELEMENTS--GENERAL INFORMATION
fixed length control field 740722s1959 nyua b 000 0 eng
010 ## - LIBRARY OF CONGRESS CONTROL NUMBER
LC control number 57010013
015 ## - NATIONAL BIBLIOGRAPHY NUMBER
National bibliography number GB59-7369
035 ## - SYSTEM CONTROL NUMBER
System control number (OCoLC)958549
040 ## - CATALOGING SOURCE
Original cataloging agency DLC
Transcribing agency NhU
Modifying agency OCoLC
-- Uk
-- DLC
042 ## - AUTHENTICATION CODE
Authentication code premarc
050 00 - LIBRARY OF CONGRESS CALL NUMBER
Classification number TL784.8
Item number .F7
082 ## - DEWEY DECIMAL CLASSIFICATION NUMBER
Classification number 629.133
Edition number FRA
100 1# - MAIN ENTRY--PERSONAL NAME
Personal name Frank, Robert G.
9 (RLIN) 110958
245 10 - TITLE STATEMENT
Title Materials for rockets and missiles
Statement of responsibility, etc. [by] Robert G. Frank [and] William F. Zimmerman.
260 ## - PUBLICATION, DISTRIBUTION, ETC.
Place of publication, distribution, etc. New York,
Name of publisher, distributor, etc. Macmillan
Date of publication, distribution, etc. [1959]
300 ## - PHYSICAL DESCRIPTION
Extent xix, 124 p.
Other physical details illus.
Dimensions 20 cm.
504 ## - BIBLIOGRAPHY, ETC. NOTE
Bibliography, etc. note Includes bibliography.
650 #0 - SUBJECT ADDED ENTRY--TOPICAL TERM
Topical term or geographic name entry element Rockets (Aeronautics)
General subdivision Materials.
9 (RLIN) 110959
650 #0 - SUBJECT ADDED ENTRY--TOPICAL TERM
Topical term or geographic name entry element Heat resistant alloys.
9 (RLIN) 45181
650 #0 - SUBJECT ADDED ENTRY--TOPICAL TERM
Topical term or geographic name entry element Ceramics.
9 (RLIN) 44197
700 1# - ADDED ENTRY--PERSONAL NAME
Personal name Zimmerman, W. F.
Fuller form of name (William F.),
Dates associated with a name 1922-2009,
Relator term joint author.
9 (RLIN) 110960
906 ## - LOCAL DATA ELEMENT F, LDF (RLIN)
a 7
b cbc
c oclcrpl
d u
e ncip
f 19
g y-gencatlg
942 ## - ADDED ENTRY ELEMENTS (KOHA)
Source of classification or shelving scheme
Koha item type Book
Holdings
Withdrawn status Lost status Source of classification or shelving scheme Damaged status Not for loan Permanent Location Current Location Shelving location Date acquired Full call number Barcode Date last seen Price effective from Koha item type
          School of Mechanical & Manufacturing Engineering (SMME) School of Mechanical & Manufacturing Engineering (SMME) Aerospace Engineering 03/21/2023 629.133 FRA SMME-4047 03/21/2023 03/21/2023 Book
© 2023 Central Library, National University of Sciences and Technology. All Rights Reserved.